书目信息 |
| 题名: |
几何光学
|
|
| 作者: | 斯留萨列夫 著 | |
| 分册: | ||
| 出版信息: | 北京 高等教育出版社 1959 |
|
| 页数: | 332页 | |
| 开本: | 20cm | |
| 丛书名: | ||
| 单 册: | ||
| 中图分类: | O435 | |
| 科图分类: | ||
| 主题词: | 光学 | |
| 电子资源: | ||
| ISBN: | ||
| 000 | 00568nam0 2200205 450 | |
| 001 | 0656658859 | |
| 005 | 20060731154608.51 | |
| 010 | @dCNY1.20 | |
| 100 | @a20060731d1959 km y0chiy0120 ea | |
| 101 | 0 | @achi@crus |
| 102 | @aCN@b110000 | |
| 102 | @aCN@b110000 | |
| 200 | 1 | @a几何光学@Aji he guang xue@f(苏)Г·Г·斯留萨列夫著@F(su)Г·Г·si liu sa lie fu zhu |
| 210 | @a北京@c高等教育出版社@d1959 | |
| 215 | @a332页@d20cm | |
| 606 | 0 | @a光学 |
| 690 | @aO435@v3 | |
| 701 | 0 | @a斯留萨列夫@Asi liu sa lie fu@4著 |
| 801 | 0 | @aCN@bPFT@c20060731 |
| 905 | @a10447@dO435@e33 | |
| 几何光学/(苏)Г·Г·斯留萨列夫著.-北京:高等教育出版社,1959 |
| 332页;20cm |
| ISBN :CNY1.20 |
| ● |
| 相关链接 |
|
|
|
|
正题名:几何光学
索取号:O435/33
 
预约/预借
| 序号 | 登录号 | 条形码 | 馆藏地/架位号 | 状态 | 备注 |
| 1 | 0434128 | 204341284 | 密集书库/ [索取号:O435/33] | 在馆 | |
| 2 | 0434129 | 204341293 | 密集书库/ [索取号:O435/33] | 在馆 |